[Event "Titled Tuesday intern op 15th Feb Early"]
[Site "Chess.com INT"]
[Date "2022.02.15"]
[Round "5"]
[White "Shuvalov, Evgenij"]
[Black "De Souza Sa, Apolo"]
[Result "1/2-1/2"]
[WhiteElo "2182"]
[BlackElo "1920"]
[PlyCount "119"]
[EventDate "2022.02.15"]
[EventType "swiss (blitz)"]
[EventRounds "11"]
[EventCountry "USA"]
[SourceTitle "CBM 206 Extra"]
[Source "ChessBase"]
[SourceDate "2022.03.31"]
[SourceVersion "1"]
[SourceVersionDate "2022.03.31"]
[SourceQuality "1"]

1. e4 c5 2. Nf3 d6 3. c3 Nf6 4. Be2 Nc6 5. d4 cxd4 6. cxd4 Bg4 7. Nc3 Bxf3 8. Bxf3 e6 9. d5 Ne5 10. Be2 exd5 11. exd5 Be7 12. 0-0 0-0 13. Be3 Qa5 14. Rc1 Rac8 15. Qb3 b6 16. h3 h5 17. Rfd1 g6 18. Nb5 Rxc1 19. Rxc1 a6 20. Nc3 b5 21. a3 Rc8 22. Rd1 Qc7 23. Bd4 Nc4 24. a4 Qb7 25. axb5 axb5 26. Qxb5 Qxb5 27. Nxb5 Nxd5 28. Rc1 Ncb6 29. Rxc8+ Nxc8 30. Nc3 Nxc3 31. Bxc3 Nb6 32. b4 Nd5 33. Bd2 Bd8 34. b5 Bb6 35. Bf3 Nc7 36. Bc6 Kf8 37. Kf1 Ke7 38. Ke2 Ne6 39. Be3 Nd4+ 40. Kd3 Nxc6 41. bxc6 Bxe3 42. fxe3 d5 43. e4 dxe4+ 44. Kxe4 Ke6 45. h4 f6 46. c7 Kd7 47. Kd5 g5 48. c8Q+ Kxc8 49. Ke6 gxh4 50. Kxf6 h3 51. gxh3 Kd8 52. h4 Ke8 53. Kg6 Kf8 54. Kxh5 Kg8 55. Kh6 Kh8 56. Kg6 Kg8 57. h5 Kh8 58. h6 Kg8 59. h7+ Kh8 60. Kh6 1/2-1/2

[Event "Speed Chess GP3"]
[Site "Chess.com INT"]
[Date "2021.10.02"]
[Round "2"]
[White "De Souza Sa, Apolo"]
[Black "Hilkevich, Zahar"]
[Result "0-1"]
[WhiteElo "1920"]
[BlackElo "2111"]
[PlyCount "36"]
[EventDate "2021.10.02"]
[EventType "swiss (blitz)"]
[EventRounds "10"]
[EventCountry "USA"]
[SourceTitle "CBM 204 Extra"]
[Source "ChessBase"]
[SourceDate "2021.11.30"]
[SourceVersion "1"]
[SourceVersionDate "2021.11.30"]
[SourceQuality "1"]

1. d4 e6 2. c4 f5 3. g3 Nf6 4. Bg2 Be7 5. Nf3 0-0 6. 0-0 d6 7. b3 Ne4 8. Bb2 Bf6 9. Nbd2 Qe8 10. Qc2 Nxd2 11. Nxd2 e5 12. dxe5 dxe5 13. Rad1 Nc6 14. Nf3 Kh8 15. Rd5 Nb4 16. Qd2 Nxd5 17. cxd5 Bd7 18. Rc1 c6 0-1

[Event "Speed Chess GP3"]
[Site "Chess.com INT"]
[Date "2021.10.02"]
[Round "1"]
[White "Tanenbaum, Zachary Chen"]
[Black "De Souza Sa, Apolo"]
[Result "1-0"]
[WhiteElo "2135"]
[BlackElo "1920"]
[PlyCount "61"]
[EventDate "2021.10.02"]
[EventType "swiss (blitz)"]
[EventRounds "10"]
[EventCountry "USA"]
[SourceTitle "CBM 204 Extra"]
[Source "ChessBase"]
[SourceDate "2021.11.30"]
[SourceVersion "1"]
[SourceVersionDate "2021.11.30"]
[SourceQuality "1"]

1. e4 c5 2. Nf3 d6 3. d4 cxd4 4. Nxd4 Nf6 5. Nc3 a6 6. Be3 e5 7. Nb3 Be6 8. h3 Be7 9. f4 exf4 10. Bxf4 Nc6 11. Qe2 Ne5 12. 0-0-0 Qc7 13. Kb1 0-0 14. g4 Rfc8 15. g5 Nfd7 16. Qg2 b5 17. h4 Nc5 18. h5 b4 19. Nd5 Bxd5 20. exd5 a5 21. g6 Nxb3 22. axb3 a4 23. Bxe5 dxe5 24. gxf7+ Kf8 25. d6 Bxd6 26. Rg1 g5 27. hxg6 axb3 28. g7+ Kxf7 29. Qd5+ Ke7 30. Qxb3 Qc4 31. Bxc4 1-0

[Event "Titled Tuesday intern op 06th July"]
[Site "Chess.com INT"]
[Date "2021.07.06"]
[Round "2"]
[White "De Souza Sa, Apolo"]
[Black "Galego, Luis"]
[Result "0-1"]
[WhiteElo "1920"]
[BlackElo "2483"]
[PlyCount "82"]
[EventDate "2021.07.06"]
[EventType "swiss (blitz)"]
[EventRounds "11"]
[EventCountry "USA"]
[SourceTitle "EXT 2022"]
[Source "ChessBase"]
[SourceDate "2021.10.06"]
[SourceVersion "1"]
[SourceVersionDate "2021.10.06"]
[SourceQuality "1"]

1. d4 Nf6 2. c4 e6 3. Nc3 Bb4 4. f3 Bxc3+ 5. bxc3 d6 6. e4 e5 7. Bd3 c5 8. Ne2 Nc6 9. Be3 b6 10. 0-0 h6 11. f4 Ng4 12. Qd2 Nxe3 13. Qxe3 Qe7 14. fxe5 dxe5 15. d5 Na5 16. Ng3 g6 17. Rf2 Ba6 18. Qe2 h5 19. Raf1 Rh7 20. Rf6 0-0-0 21. h4 Rd6 22. Rxd6 Qxd6 23. Nh1 Qd7 24. Nf2 f6 25. Nh3 Rf7 26. Qd2 Bxc4 27. Bxc4 Nxc4 28. Qh6 Qg4 29. Qh8+ Kb7 30. Qe8 Rc7 31. Rxf6 Qd1+ 32. Kh2 Ne3 33. Nf2 Qf1 34. Qxg6 Qe2 35. d6 Rd7 36. Rf7 Nf1+ 37. Kh3 Qe3+ 38. g3 Rxf7 39. Qxf7+ Ka6 40. Qg6 Qxf2 41. d7 Qh2# 0-1

[Event "Titled Tuesday intern op 06th July"]
[Site "Chess.com INT"]
[Date "2021.07.06"]
[Round "1"]
[White "Shapiro, David"]
[Black "De Souza Sa, Apolo"]
[Result "1-0"]
[WhiteElo "2395"]
[BlackElo "1920"]
[PlyCount "95"]
[EventDate "2021.07.06"]
[EventType "swiss (blitz)"]
[EventRounds "11"]
[EventCountry "USA"]
[SourceTitle "EXT 2022"]
[Source "ChessBase"]
[SourceDate "2021.10.06"]
[SourceVersion "1"]
[SourceVersionDate "2021.10.06"]
[SourceQuality "1"]

1. d4 Nf6 2. c4 g6 3. g3 d5 4. Bg2 Bg7 5. Nf3 0-0 6. Nc3 c5 7. cxd5 Nxd5 8. e4 Nxc3 9. bxc3 Nc6 10. Be3 Qa5 11. Qd2 Bg4 12. e5 Rfd8 13. Rd1 cxd4 14. cxd4 Qxd2+ 15. Rxd2 e6 16. Ng5 Bh6 17. Ne4 Bxe3 18. fxe3 Bf5 19. Nf6+ Kg7 20. e4 Nxd4 21. exf5 gxf5 22. Kf2 Nc6 23. Rxd8 Rxd8 24. Bxc6 bxc6 25. Ke2 Rd4 26. Rd1 Ra4 27. Rd2 Ra5 28. Nd7 Ra3 29. Rc2 h5 30. Rxc6 Rxa2+ 31. Kf3 Rxh2 32. Rc7 Ra2 33. Nc5 Kg6 34. Nd3 Ra3 35. Ke2 a5 36. Nf4+ Kg5 37. Rxf7 Rxg3 38. Nxe6+ Kh4 39. Nd4 Rg4 40. Nf3+ Kh3 41. Rxf5 h4 42. Ke3 Kg3 43. e6 h3 44. e7 h2 45. Nxh2 Rg8 46. Nf1+ Kg2 47. Rf8 Rxf8 48. exf8Q 1-0

[Event "Titled Tuesday intern op 13th Apr"]
[Site "Chess.com INT"]
[Date "2021.04.13"]
[Round "8"]
[White "De Souza Sa, Apolo"]
[Black "Bodnar, Nikolay"]
[Result "0-1"]
[WhiteElo "1920"]
[BlackElo "2434"]
[PlyCount "48"]
[EventDate "2021.04.13"]
[EventType "swiss (blitz)"]
[EventRounds "11"]
[EventCountry "USA"]
[SourceTitle "CBM 201 Extra"]
[Source "ChessBase"]
[SourceDate "2021.05.31"]
[SourceVersion "1"]
[SourceVersionDate "2021.05.31"]
[SourceQuality "1"]

1. d4 Nf6 2. c4 g6 3. f3 Bg7 4. e4 d6 5. Nc3 0-0 6. Nge2 c5 7. d5 Nbd7 8. Ng3 h5 9. Be2 Ne5 10. 0-0 h4 11. Nh1 a6 12. a4 e6 13. Bg5 exd5 14. Nxd5 Be6 15. Ne3 Qb6 16. b3 h3 17. g3 Nh7 18. Be7 Rfe8 19. Qxd6 Qxb3 20. Qxc5 Rxe7 21. Qxe7 Qxe3+ 22. Nf2 Nxf3+ 23. Bxf3 Qxf3 24. Nxh3 Bd4+ 0-1

[Event "Titled Tuesday intern op 13th Apr"]
[Site "Chess.com INT"]
[Date "2021.04.13"]
[Round "7"]
[White "De Souza Sa, Apolo"]
[Black "Liyanage, Ranindu Dilshan"]
[Result "0-1"]
[WhiteElo "1920"]
[BlackElo "2203"]
[PlyCount "62"]
[EventDate "2021.04.13"]
[EventType "swiss (blitz)"]
[EventRounds "11"]
[EventCountry "USA"]
[SourceTitle "CBM 201 Extra"]
[Source "ChessBase"]
[SourceDate "2021.05.31"]
[SourceVersion "1"]
[SourceVersionDate "2021.05.31"]
[SourceQuality "1"]

1. d4 Nf6 2. c4 g6 3. f3 d5 4. cxd5 Nxd5 5. e4 Nb6 6. Nc3 Bg7 7. Be3 0-0 8. Qd2 Nc6 9. 0-0-0 e5 10. d5 Nd4 11. Nge2 Nc4 12. Qd3 Nxe3 13. Qxe3 c6 14. Kb1 cxd5 15. Nxd5 Be6 16. Nec3 Rb8 17. a4 a6 18. h4 b5 19. axb5 axb5 20. Nb4 Qa5 21. Ncd5 Ra8 22. Qa3 Qxa3 23. bxa3 Rxa3 24. Rd3 Ra4 25. Rc3 Rfa8 26. Nc2 f5 27. Nxd4 exd4 28. Rb3 fxe4 29. fxe4 d3 30. Bxd3 Ra1+ 31. Kc2 R8a2+ 0-1

[Event "Titled Tuesday intern op 13th Apr"]
[Site "Chess.com INT"]
[Date "2021.04.13"]
[Round "11"]
[White "Ozen, Bahadir"]
[Black "De Souza Sa, Apolo"]
[Result "1-0"]
[WhiteElo "2369"]
[BlackElo "1920"]
[PlyCount "41"]
[EventDate "2021.04.13"]
[EventType "swiss (blitz)"]
[EventRounds "11"]
[EventCountry "USA"]
[SourceTitle "CBM 201 Extra"]
[Source "ChessBase"]
[SourceDate "2021.05.31"]
[SourceVersion "1"]
[SourceVersionDate "2021.05.31"]
[SourceQuality "1"]

1. g3 Nf6 2. Bg2 g6 3. e4 d6 4. d4 Bg7 5. Nc3 c5 6. dxc5 dxc5 7. Qxd8+ Kxd8 8. e5 Ne8 9. f4 e6 10. Be3 Nd7 11. 0-0-0 Kc7 12. Nf3 a6 13. Ng5 h6 14. Nxf7 Rf8 15. Nd6 Nxd6 16. Rxd6 Re8 17. Rhd1 Rb8 18. Na4 b6 19. Rc6+ Kd8 20. Nxb6 Ke7 21. Nxd7 1-0

[Event "Titled Tuesday intern op 06th Apr"]
[Site "Chess.com INT"]
[Date "2021.04.06"]
[Round "9"]
[White "De Souza Sa, Apolo"]
[Black "Andrews, Todd D"]
[Result "0-1"]
[WhiteElo "1920"]
[BlackElo "2244"]
[PlyCount "53"]
[EventDate "2021.04.06"]
[EventType "swiss (blitz)"]
[EventRounds "11"]
[EventCountry "USA"]
[SourceTitle "CBM 201 Extra"]
[Source "ChessBase"]
[SourceDate "2021.05.31"]
[SourceVersion "1"]
[SourceVersionDate "2021.05.31"]
[SourceQuality "1"]

1. d4 Nf6 2. c4 c5 3. d5 b5 4. cxb5 a6 5. bxa6 g6 6. Nc3 Bxa6 7. e4 Bxf1 8. Kxf1 d6 9. Nf3 Bg7 10. g3 0-0 11. Kg2 Qb6 12. Qe2 Qb7 13. a4 Na6 14. Nb5 Ne8 15. Ra3 Nec7 16. Nxc7 Nxc7 17. b3 e6 18. Bf4 exd5 19. exd5 Rfe8 20. Qd3 Nxd5 21. Bd2 Re6 22. Rd1 Rae8 23. Bg5 Nb4 24. Qc4 Bb2 25. Bh6 Bxa3 26. Qc3 f6 27. Kg1 0-1

[Event "Titled Tuesday intern op 06th Apr"]
[Site "Chess.com INT"]
[Date "2021.04.06"]
[Round "4"]
[White "Shankovsky, Andriy"]
[Black "De Souza Sa, Apolo"]
[Result "1-0"]
[WhiteElo "2406"]
[BlackElo "1920"]
[PlyCount "71"]
[EventDate "2021.04.06"]
[EventType "swiss (blitz)"]
[EventRounds "11"]
[EventCountry "USA"]
[SourceTitle "CBM 201 Extra"]
[Source "ChessBase"]
[SourceDate "2021.05.31"]
[SourceVersion "1"]
[SourceVersionDate "2021.05.31"]
[SourceQuality "1"]

1. e4 c5 2. Nf3 d6 3. d4 cxd4 4. Nxd4 Nf6 5. Nc3 a6 6. Bc4 e6 7. 0-0 b5 8. Bd3 Bb7 9. Bg5 Nbd7 10. h3 Be7 11. Kh1 0-0 12. f4 Nc5 13. e5 dxe5 14. fxe5 Nd5 15. Bxe7 Qxe7 16. Nxd5 Bxd5 17. Qh5 Nxd3 18. cxd3 Rfc8 19. Ne2 g6 20. Qg4 Rc2 21. b3 Rac8 22. Rg1 Qc7 23. d4 Ba8 24. Ng3 Qc6 25. Nh5 Kf8 26. Nf6 h5 27. Qg5 Qc3 28. Nd7+ Ke8 29. Nf6+ Kf8 30. Nd7+ Kg8 31. Nf6+ Kg7 32. Nxh5+ Kf8 33. Qh6+ Ke7 34. Nf6 Qd2 35. Qg5 Qxg5 36. Nd5+ 1-0

[Event "Titled Tuesday intern op 06th Apr"]
[Site "Chess.com INT"]
[Date "2021.04.06"]
[Round "6"]
[White "Yanayt, Eugene"]
[Black "De Souza Sa, Apolo"]
[Result "1-0"]
[WhiteElo "2079"]
[BlackElo "1920"]
[PlyCount "81"]
[EventDate "2021.04.06"]
[EventType "swiss (blitz)"]
[EventRounds "11"]
[EventCountry "USA"]
[SourceTitle "CBM 201 Extra"]
[Source "ChessBase"]
[SourceDate "2021.05.31"]
[SourceVersion "1"]
[SourceVersionDate "2021.05.31"]
[SourceQuality "1"]

1. d4 Nf6 2. c4 g6 3. Nc3 d5 4. Bd2 c5 5. dxc5 d4 6. Nd5 Nxd5 7. cxd5 Qxd5 8. Nf3 Bg7 9. Bc3 Nc6 10. e3 e5 11. b4 Be6 12. exd4 exd4 13. Bb2 0-0 14. a3 Rfe8 15. Be2 d3 16. Bxg7 dxe2 17. Qxd5 Bxd5 18. Bh6 Bxf3 19. gxf3 Nd4 20. Be3 Nc2+ 21. Kxe2 Nxa1 22. Rxa1 Rad8 23. b5 Rc8 24. Rd1 Re5 25. Rd7 a6 26. Rxb7 axb5 27. Rxb5 Ra8 28. Rb3 Re6 29. Kd3 Rea6 30. Bc1 Ra4 31. Rc3 Kf8 32. c6 Ke8 33. c7 Kd7 34. Be3 Rc8 35. Bd4 f5 36. Be5 Ke6 37. f4 Kd5 38. Kc2 Ke6 39. Kb3 Kd7 40. Rd3+ Ke6 41. Kxa4 1-0

[Event "Titled Tuesday intern op 30th Mar"]
[Site "Chess.com INT"]
[Date "2021.03.30"]
[Round "8"]
[White "De Souza Sa, Apolo"]
[Black "Estrada Nieto, Julian"]
[Result "0-1"]
[WhiteElo "1920"]
[BlackElo "2280"]
[PlyCount "26"]
[EventDate "2021.03.30"]
[EventType "swiss (blitz)"]
[EventRounds "11"]
[EventCountry "USA"]
[SourceTitle "CBM 201 Extra"]
[Source "ChessBase"]
[SourceDate "2021.05.31"]
[SourceVersion "1"]
[SourceVersionDate "2021.05.31"]
[SourceQuality "1"]

1. d4 d5 2. c4 dxc4 3. e4 e5 4. Nf3 exd4 5. Qxd4 Qxd4 6. Nxd4 Nf6 7. Nc3 Bc5 8. Nc2 Be6 9. f3 Nc6 10. Bf4 0-0-0 11. Ne3 Nh5 12. Bg5 f6 13. Na4 Bb4+ 0-1

[Event "Titled Tuesday intern op 30th Mar"]
[Site "Chess.com INT"]
[Date "2021.03.30"]
[Round "9"]
[White "De Souza Sa, Apolo"]
[Black "Marn, Jan"]
[Result "0-1"]
[WhiteElo "1920"]
[BlackElo "2346"]
[PlyCount "154"]
[EventDate "2021.03.30"]
[EventType "swiss (blitz)"]
[EventRounds "11"]
[EventCountry "USA"]
[SourceTitle "CBM 201 Extra"]
[Source "ChessBase"]
[SourceDate "2021.05.31"]
[SourceVersion "1"]
[SourceVersionDate "2021.05.31"]
[SourceQuality "1"]

1. d4 Nf6 2. c4 g6 3. f3 Bg7 4. e4 d6 5. Nc3 0-0 6. Nge2 c5 7. d5 e6 8. Ng3 exd5 9. cxd5 a6 10. a4 h5 11. Be2 h4 12. Nf1 Nbd7 13. Be3 Ne5 14. Nd2 Re8 15. 0-0 Bd7 16. h3 c4 17. Nxc4 Nxc4 18. Bxc4 Rc8 19. Qb3 Nh5 20. a5 f5 21. Bd3 f4 22. Bf2 Qg5 23. Kh1 Ng3+ 24. Kh2 Nxf1+ 25. Bxf1 Rc7 26. Qb6 Rec8 27. Ra3 Be5 28. Rb3 Qd8 29. Qb4 g5 30. Be1 Qf6 31. Na4 Rc1 32. Nb6 R8c7 33. Nxd7 Rxd7 34. Qd2 Rdc7 35. Bd3 Qd8 36. Rb6 Qc8 37. Kg1 Bd4+ 38. Kf1 Bxb6 39. axb6 R7c2 40. Bxc2 Qxc2 41. Qxc2 Rxc2 42. Bc3 Kf7 43. Kg1 Ke7 44. Kf1 Kd7 45. Kg1 Ke7 46. Kf1 Rc1+ 47. Kf2 Ra1 48. Ke2 Ra4 49. Kf2 Rc4 50. Ke2 Rc5 51. Bd4 Rb5 52. Kf2 a5 53. Ke2 a4 54. Kd3 Rb3+ 55. Kc4 g4 56. hxg4 h3 57. gxh3 Rxf3 58. h4 Rg3 59. g5 f3 60. g6 Rxg6 61. Kd3 Rg4 62. Ke3 Rxh4 63. Kxf3 Rh3+ 64. Ke2 Rb3 65. Kd2 Kf7 66. Bc3 Rxb6 67. Kd3 Rb3 68. Kc4 b5+ 69. Kd4 b4 70. Be1 Rxb2 71. Bg3 Ke7 72. Bh4+ Kd7 73. Bg3 a3 74. Be1 a2 75. Bg3 a1Q 76. Kc4 Rc2+ 77. Kxb4 Qb2+ 0-1

[Event "Titled Tuesday intern op 30th Mar"]
[Site "Chess.com INT"]
[Date "2021.03.30"]
[Round "10"]
[White "Nemeth Junior, Henrique"]
[Black "De Souza Sa, Apolo"]
[Result "1-0"]
[WhiteElo "1959"]
[BlackElo "1920"]
[PlyCount "39"]
[EventDate "2021.03.30"]
[EventType "swiss (blitz)"]
[EventRounds "11"]
[EventCountry "USA"]
[SourceTitle "CBM 201 Extra"]
[Source "ChessBase"]
[SourceDate "2021.05.31"]
[SourceVersion "1"]
[SourceVersionDate "2021.05.31"]
[SourceQuality "1"]

1. e4 c5 2. Nc3 Nc6 3. g3 g6 4. Bg2 Bg7 5. d3 e5 6. Be3 d6 7. Qd2 Nge7 8. Bh6 0-0 9. h4 Nd4 10. 0-0-0 b5 11. h5 b4 12. Bxg7 bxc3 13. Qh6 Qb6 14. bxc3 Rb8 15. cxd4 Qb2+ 16. Kd2 Qb4+ 17. Ke2 Bg4+ 18. Bf3 f5 19. hxg6 hxg6 20. Bxf8 1-0

[Event "Titled Tuesday intern op 30th Mar"]
[Site "Chess.com INT"]
[Date "2021.03.30"]
[Round "11"]
[White "Zong, Davis Jr"]
[Black "De Souza Sa, Apolo"]
[Result "1-0"]
[WhiteElo "2129"]
[BlackElo "1920"]
[PlyCount "127"]
[EventDate "2021.03.30"]
[EventType "swiss (blitz)"]
[EventRounds "11"]
[EventCountry "USA"]
[SourceTitle "CBM 201 Extra"]
[Source "ChessBase"]
[SourceDate "2021.05.31"]
[SourceVersion "1"]
[SourceVersionDate "2021.05.31"]
[SourceQuality "1"]

1. d4 Nf6 2. c4 g6 3. Nc3 d5 4. cxd5 Nxd5 5. e4 Nxc3 6. bxc3 Bg7 7. Nf3 c5 8. Be2 0-0 9. 0-0 Nc6 10. Be3 Qc7 11. Rc1 b6 12. d5 Na5 13. Qd2 e5 14. Bh6 Nb7 15. Bxg7 Kxg7 16. Rfd1 Rd8 17. h4 Qe7 18. Qe3 Nd6 19. g3 Bg4 20. Nd2 Bd7 21. Nc4 Ba4 22. Nxd6 Bxd1 23. Nxf7 Rf8 24. Ng5 Bxe2 25. Ne6+ Kg8 26. Nxf8 Bg4 27. f3 Bc8 28. Ne6 Bxe6 29. dxe6 Qxe6 30. c4 Rd8 31. h5 Rd4 32. hxg6 hxg6 33. Qg5 Kg7 34. Kg2 Qd6 35. Rc2 Rd1 36. f4 Rd2+ 37. Rxd2 Qxd2+ 38. Kh3 Qd7+ 39. f5 Qf7 40. Qxg6+ Qxg6 41. fxg6 Kxg6 42. Kg4 a6 43. a4 Kf6 44. Kh5 b5 45. axb5 axb5 46. cxb5 Ke6 47. Kg4 c4 48. Kf3 Kd6 49. g4 Kc5 50. g5 Kxb5 51. g6 c3 52. Ke2 Kb4 53. g7 Kb3 54. g8Q+ Kb2 55. Qb8+ Kc1 56. Qxe5 c2 57. Qc3 Kb1 58. Qxc2+ Kxc2 59. e5 Kc3 60. e6 Kc4 61. e7 Kc5 62. e8Q Kd6 63. Kd3 Kd5 64. Qh5+ 1-0

[Event "Titled Tuesday intern op 23rd Mar"]
[Site "Chess.com INT"]
[Date "2021.03.23"]
[Round "9"]
[White "Roque Sola, Gisela"]
[Black "De Souza Sa, Apolo"]
[Result "0-1"]
[WhiteElo "2046"]
[BlackElo "1920"]
[PlyCount "34"]
[EventDate "2021.03.23"]
[EventType "swiss (blitz)"]
[EventRounds "11"]
[EventCountry "USA"]
[SourceTitle "CBM 201 Extra"]
[Source "ChessBase"]
[SourceDate "2021.05.31"]
[SourceVersion "1"]
[SourceVersionDate "2021.05.31"]
[SourceQuality "1"]

1. c4 Nf6 2. Nf3 g6 3. g3 Bg7 4. Bg2 d5 5. cxd5 Nxd5 6. Nc3 Nxc3 7. bxc3 0-0 8. 0-0 c5 9. Bb2 Nc6 10. Qc2 e5 11. d3 Be6 12. Rfd1 Qc7 13. Rab1 Rad8 14. Ba3 b6 15. Ng5 Bc8 16. Nf3 Bb7 17. e3 Na5 0-1

[Event "Titled Tuesday intern op 09th Mar"]
[Site "Chess.com INT"]
[Date "2021.03.09"]
[Round "6"]
[White "De Souza Sa, Apolo"]
[Black "Arakhamia Grant, Ketevan"]
[Result "0-1"]
[WhiteElo "1920"]
[BlackElo "2380"]
[PlyCount "60"]
[EventDate "2021.03.09"]
[EventType "swiss (blitz)"]
[EventRounds "11"]
[EventCountry "USA"]
[SourceTitle "CBM 201 Extra"]
[Source "ChessBase"]
[SourceDate "2021.05.31"]
[SourceVersion "1"]
[SourceVersionDate "2021.05.31"]
[SourceQuality "1"]

1. d4 Nf6 2. c4 g6 3. f3 Bg7 4. e4 d6 5. Nc3 0-0 6. Nge2 c5 7. d5 e6 8. Ng3 exd5 9. cxd5 a6 10. a4 h5 11. Be2 Nbd7 12. 0-0 h4 13. Nh1 h3 14. g3 Nh7 15. g4 f5 16. gxf5 gxf5 17. exf5 Bd4+ 18. Rf2 Ne5 19. Ng3 Bxf5 20. Qf1 Qh4 21. Kh1 Bg6 22. f4 Bxf2 23. Qxf2 Ng4 24. Qf3 Nhf6 25. f5 Bf7 26. Bf4 Rad8 27. Rg1 Kh8 28. Nge4 Rg8 29. Nxd6 Rxd6 30. Bxd6 Nf2+ 0-1

[Event "Titled Tuesday intern op 09th Mar"]
[Site "Chess.com INT"]
[Date "2021.03.09"]
[Round "10"]
[White "De Souza Sa, Apolo"]
[Black "Katzir, Moshe"]
[Result "1-0"]
[WhiteElo "1920"]
[BlackElo "2159"]
[PlyCount "87"]
[EventDate "2021.03.09"]
[EventType "swiss (blitz)"]
[EventRounds "11"]
[EventCountry "USA"]
[SourceTitle "CBM 201 Extra"]
[Source "ChessBase"]
[SourceDate "2021.05.31"]
[SourceVersion "1"]
[SourceVersionDate "2021.05.31"]
[SourceQuality "1"]

1. d4 d5 2. c4 e6 3. Nc3 c6 4. Nf3 dxc4 5. a4 Bb4 6. e4 b5 7. Bd2 a5 8. axb5 Bxc3 9. Bxc3 cxb5 10. d5 Nf6 11. dxe6 Qxd1+ 12. Kxd1 Bxe6 13. Bxf6 gxf6 14. Nd4 Bd7 15. b3 cxb3 16. Nxb5 0-0 17. Nc7 Ra7 18. Nd5 Kg7 19. Bc4 Be6 20. Bxb3 Nc6 21. Ke2 Nd4+ 22. Kd3 Nxb3 23. Ra3 Nc5+ 24. Kc4 Rc8 25. Kd4 a4 26. Rha1 Nb3+ 27. Rxb3 axb3 28. Rxa7 b2 29. Rb7 Rc2 30. Nc3 Rxf2 31. Kd3 Rxg2 32. h4 Rg3+ 33. Kd4 Rg2 34. Kd3 Kg6 35. Ne2 Bc4+ 36. Kxc4 Rxe2 37. Kc3 Rh2 38. h5+ Kxh5 39. Rb5+ Kg6 40. Kd3 h5 41. Ke3 h4 42. Kf3 Rc2 43. Kg4 Rh2 44. Kf3 1-0

[Event "Titled Tuesday intern op 09th Mar"]
[Site "Chess.com INT"]
[Date "2021.03.09"]
[Round "7"]
[White "Roque Sola, Gisela"]
[Black "De Souza Sa, Apolo"]
[Result "0-1"]
[WhiteElo "2046"]
[BlackElo "1920"]
[PlyCount "44"]
[EventDate "2021.03.09"]
[EventType "swiss (blitz)"]
[EventRounds "11"]
[EventCountry "USA"]
[SourceTitle "CBM 201 Extra"]
[Source "ChessBase"]
[SourceDate "2021.05.31"]
[SourceVersion "1"]
[SourceVersionDate "2021.05.31"]
[SourceQuality "1"]

1. c4 Nf6 2. Nf3 g6 3. g3 Bg7 4. Bg2 0-0 5. 0-0 d5 6. b3 dxc4 7. bxc4 Ne4 8. d4 c5 9. e3 Nc6 10. Bb2 Bg4 11. Qc2 Bxf3 12. Bxf3 Ng5 13. Bxc6 bxc6 14. dxc5 Bxb2 15. Qxb2 Qd3 16. Qc3 Qe4 17. h4 Nf3+ 18. Kg2 Ne1+ 19. Kh3 Qg2+ 20. Kg4 h5+ 21. Kg5 Kh7 22. f4 f6+ 0-1